000 00420nam a22001697a 4500
005 20180810144911.0
008 160616b xxu||||| |||| 00| 0 eng d
020 _a81-7629-660-0
041 _aeng
082 _b7959
_a658.3124
100 _aBhatia, S.K.
_91956
245 _aTraining and Development
260 _aNew Delhi
_bDeep & Deep Pub. Pvt. Ltd,
300 _a383p,
650 _aManagement
_9241
942 _cBK
999 _c2928
_d2927